000 00518nam a2200169 4500
001 107450
003 ES-MaACL
005 20230906184426.0
007 t|
008 061121s1965 sp r ||||1| spa d
100 1 _aMorrell, Roger M.
_983665
245 1 0 _aTromboflebitis /
_cRoger M. Morrell; versión española de J. García San Miguel.
260 _aBarcelona :
_bToray,
_c1965.
300 _aXVI, 216 p. :
_bil. ;
_c22 cm.
700 1 _aGarcía San Miguel, Juan.
_955253
852 _aES-MaACL
_jC-26680
_bR.55641
999 _c107450
_d107450